Métiers A-Z par image - Statistiques

Statistiques générales
  • Ce quiz a été pris 2 207 fois
  • Le résultat moyen est 20 sur 26
Statistiques - réponses
Par images Hint Réponse % Correct
B Boulanger
100%
D Dentiste
100%
A Agriculteur
99%
F Fleuriste
99%
C Caissier
98%
E Électricien
98%
J Journaliste
96%
P Pilote d'avion
95%
H Hotesse de l'air
94%
K Kinésithérapeute
93%
T Tatoueur
93%
S Serrurier
89%
M Militaire
88%
R Radiologue
87%
L Libraire
84%
O Opticien
83%
I Ingénieur
74%
N Nutritionniste
73%
G Graphiste
58%
Z Zoologiste
56%
V Volcanologue
49%
X Xylophoniste profesionnel
49%
U Urbaniste
41%
W Web designer
35%
Y Yogiste profesionnel
29%
Q Quincaillier
25%
Aucun quiz correspondant
Distribution des résultats
% des personnes avec chaque résultat
Percentile par nombre de réponses
Votre historique - résultats
Vous n’avez pas pris ce quiz